| 000 | 00822nam a22002297a 4500 | ||
|---|---|---|---|
| 999 |
_c12726 _d12726 |
||
| 003 | MIRAKIL | ||
| 005 | 20190211141921.0 | ||
| 008 | 190211b tu ||||| |||| 00| 0 tur d | ||
| 020 | _a9786053994442 | ||
| 040 |
_aTR-AnCHP _cTR-AnCHP |
||
| 041 | _atur | ||
| 082 |
_a304.84210561 _bŞ55u 2016 |
||
| 100 | _aŞimşek, Doğuş | ||
| 245 | 1 | 0 |
_aUlusaşırı kimlikler : _bLondra'da Kıbrıslı Türk, Kürt ve Türk göçmen çocukları / _cDoğuş Şimşek |
| 260 |
_aİstanbul: _bİstanbul Bilgi Üniversitesi Yayınları, _c2016. |
||
| 300 |
_a151 s.: _c23 sm. |
||
| 490 | 0 |
_aİstanbul Bilgi Üniversitesi Yayınları; _aGöç çalışmaları ; _v552. _v22. |
|
| 504 | _aKaynakça ve dizin vardır. | ||
| 650 | 0 |
_9453 _aGöç, uluslararası _xAvrupa |
|
| 650 | 0 |
_9456 _aGöçmenler _zİngiltere, Londra |
|
| 942 |
_2ddc _cBKS |
||